00305nam a22001097a 4500003000400000020001800004082001900022100004400041245002100085260008100106300000800187SGT a9789384899752 a891.4309bS20J aजोशी, मिनाक्षी  aसमक्ष  bविश्व हिंदी साहित्य परिषद c2020 a232